Nomenclator zoologicus; (Record no. 150039)
[ view plain ]
| 000 -LEADER | |
|---|---|
| fixed length control field | 00829cam a22002051 4500 |
| 001 - CONTROL NUMBER | |
| control field | 000395760 |
| 003 - CONTROL NUMBER IDENTIFIER | |
| control field | AM-YeHGA |
| 005 - DATE AND TIME OF LATEST TRANSACTION | |
| control field | 20250617132400.0 |
| 008 - FIXED-LENGTH DATA ELEMENTS--GENERAL INFORMATION | |
| fixed length control field | 840214m19399999enk|||||||||||000|0|eng|d |
| 040 ## - CATALOGING SOURCE | |
| Original cataloging agency | AM-YeHGA |
| 041 0# - LANGUAGE CODE | |
| Language code of text/sound track or separate title | eng |
| 090 ## - LOCALLY ASSIGNED LC-TYPE CALL NUMBER (OCLC); LOCAL CALL NUMBER (RLIN) | |
| -- | 151429 |
| 245 00 - TITLE STATEMENT | |
| Title | Nomenclator zoologicus; |
| Remainder of title | A list of the names of genera and subgenera in zoology from the tenth edition of Linnaeus, 1758, to the end of 1935 / |
| Statement of responsibility, etc. | Edited by Sheffield Airey Neave. |
| 260 ## - PUBLICATION, DISTRIBUTION, ETC. | |
| Place of publication, distribution, etc. | London : |
| Name of publisher, distributor, etc. | Zoological Society, |
| Date of publication, distribution, etc. | 1939. |
| 300 ## - PHYSICAL DESCRIPTION | |
| Extent | v. |
| 505 10 - FORMATTED CONTENTS NOTE | |
| Miscellaneous information | Vol.1(xiv,957 p.) : |
| Title | A-C ; |
| Miscellaneous information | Vol. 2(1025 p.) |
| Title | D-L ; |
| Miscellaneous information | Vol. 3(1065 p.) : |
| Title | M-P ; |
| Miscellaneous information | Vol. 4(1940,758 p.) : |
| Title | Q-Z and Supplement ; |
| Miscellaneous information | Vol. 5(1950, 308 p.) : |
| Title | 1936-1945 |
| 650 #0 - SUBJECT ADDED ENTRY--TOPICAL TERM | |
| Topical term or geographic name entry element | Zoology |
| General subdivision | Nomenclatures |
| 700 1# - ADDED ENTRY--PERSONAL NAME | |
| Personal name | Neave, Sheffield Airey, |
| Dates associated with a name | 1879-1961, |
| Relationship | edt |
| 710 2# - ADDED ENTRY--CORPORATE NAME | |
| Corporate name or jurisdiction name as entry element | Zoological Society of London |
| Withdrawn status | Lost status | Damaged status | Not for loan | Collection | Home library | Current library | Date acquired | Serial enumeration / chronology | Shelving control number | Total checkouts | Full call number | Barcode | Date last seen | Price effective from | Koha item type | Public note |
|---|---|---|---|---|---|---|---|---|---|---|---|---|---|---|---|---|
| Gulbenkian Individual Collection | Fundamental Scientific Library | Fundamental Scientific Library | 28/12/2016 | Vol. 1 | Gulb/1891 | 901001891 | 28/12/2016 | 28/12/2016 | Գրքեր / Books | ILL Non-Circ. | ||||||
| Gulbenkian Individual Collection | Fundamental Scientific Library | Fundamental Scientific Library | 28/12/2016 | Vol. 2 | Gulb/1892 | 901001892 | 28/12/2016 | 28/12/2016 | Գրքեր / Books | ILL Non-Circ. | ||||||
| Gulbenkian Individual Collection | Fundamental Scientific Library | Fundamental Scientific Library | 28/12/2016 | Vol. 3 | Gulb/1893 | 901001893 | 28/12/2016 | 28/12/2016 | Գրքեր / Books | ILL Non-Circ. | ||||||
| Gulbenkian Individual Collection | Fundamental Scientific Library | Fundamental Scientific Library | 28/12/2016 | Vol. 4 | Gulb/1895 | 901001895 | 28/12/2016 | 28/12/2016 | Գրքեր / Books | ILL Non-Circ. |
ՀՀ Գիտությունների ազգային ակադեմիայի հիմնարար գիտական գրադարան = Fundamental Scientific Library of NAS RA
All site content, except where otherwise noted, is licensed under a